UBT Library

TUTORIAL GUIDE TO AUTOCAD 2015 (Record no. 59110)

000 -LEADER
fixed length control field 00326nam a22001457a 4500
008 - FIXED-LENGTH DATA ELEMENTS--GENERAL INFORMATION
fixed length control field 221206b ||||| |||| 00| 0 eng d
020 ## - INTERNATIONAL STANDARD BOOK NUMBER
International Standard Book Number 9781585038749
041 ## - LANGUAGE CODE
Language code of text/sound track or separate title eng
080 ## - UNIVERSAL DECIMAL CLASSIFICATION NUMBER
Universal Decimal Classification number 004
082 ## - DEWEY DECIMAL CLASSIFICATION NUMBER
Classification number 004 LOC
100 ## - Rafti
Rafti 18
101 ## - Shkurtesa
Shkurtesa SHKP
245 ## - TITLE STATEMENT
Title TUTORIAL GUIDE TO AUTOCAD 2015
Statement of responsibility, etc LOCKHART SH
942 ## - ADDED ENTRY ELEMENTS (KOHA)
Source of classification or shelving scheme
Item type Books
Holdings
Withdrawn status Lost status Source of classification or shelving scheme Damaged status Not for loan Collection code Permanent location Current location Date acquired Total Checkouts Full call number Barcode Date last seen Price effective from Koha item type
          Koleksioni i përgjithshem UBT - Lipjan UBT - Lipjan 12/06/2022   004 LOC 002-800028700260982 12/06/2022 12/06/2022 Books
          Koleksioni i përgjithshem UBT - Lipjan UBT - Lipjan 12/06/2022   004 LOC 002-800028700260983 12/06/2022 12/06/2022 Books
          Koleksioni i përgjithshem UBT - Lipjan UBT - Lipjan 02/06/2023   004 LOC 003-211 02/06/2023 02/06/2023 Books
          Koleksioni i përgjithshem UBT - Lipjan UBT - Lipjan 02/06/2023   004 LOC 003-212 02/06/2023 02/06/2023 Books
          Koleksioni i përgjithshem UBT - Lipjan UBT - Lipjan 02/06/2023   004 LOC 003-213 02/06/2023 02/06/2023 Books
UBT Library © 2015-2024. All rights reserved University Education for Business and Technology